| 000 | 01470 a2200229 4500 | ||
|---|---|---|---|
| 001 | 41173 | ||
| 005 | 20260407155705.0 | ||
| 008 | 260407a2001 arg spa d | ||
| 003 | AR-UNSa-BCEJYS | ||
| 040 |
_aAR-UNSa-BCEJYS _bspa _cAR-UNSa-BCEJYS |
||
| 080 |
_a347.736 _xQuiebra. Insolvencia. Suspensión de pagos. Bancarrota, procedimientos. Derecho Concursal |
||
| 245 | 1 | 0 | _aEfectos del concurso preventivo |
| 020 | _a950-894-297-5 | ||
| 264 | 1 |
_aBuenos Aires : _bAD-HOC _c2001 |
|
| 300 |
_a318 p. _c23 cm. |
||
| 505 | _aCapítulo I: 1. Principios del derecho concursal - 2. Fuero de atracción - 3. Estado patrimonial de cesación de pagos - 4. Competencia concursal - 5. Sujetos concursables -- Capítulo II: 1. Presentación concursal - 2. Requisitos de la presentación concursal - 3. Cumplimiento de los requisitos -- Capítulo III: 1. Sentencia de apertura del concurso preventivo -- Capítulo IV: 1. Verificación de créditos -- Capítulo V: 1. Incidente de revisión - 2. Verificación tardía - 3. Informe general -- Capítulo VI: 1. Propuesta -- Capítulo VII: 1. Cramdown o salvataje de la empresa por terceros -- Capítulo VIII: 1. Homologación de la propuesta aceptada: acuerdo preventivo -- Capítulo IX: 1. Grupo económico | ||
| 041 | _aspa | ||
| 942 | _cBK | ||
| 590 | _aniveau_biblio:m niveau_hierar:0 | ||
| 100 | 1 | _aCiminelli, Juan Carlos | |
| 856 | 4 | 1 |
_uhttps://biblioeco.unsa.edu.ar/pmb/images/libros/L126397.jpg _yImagen de portada _qimage/jpeg |
| 999 |
_c3395 _d3395 |
||